000 00566nam a22001817a 4500
005 20231114094135.0
008 231114b |||||||| |||| 00| 0 eng d
020 _a409023019 ; 409023027
041 _aAfrikaans
082 _a345 DEW
100 _aDe Wet, JC en Swanepoel, HL
_lAfrikaans
245 _aStrafreg /
_cJC De Wet en HL Swanepoel
250 _aDerde Uitgawe
260 _aDurban :
_bButterworth en Kie (Edms) Bpk,
_c1975
300 _bviii, 461 pages ;
_c25 cm.
650 _aLegal practice
_bLaw
942 _cBK
_6ALISON_BN_VRIES
999 _c615
_d615